000 00285nam a2200109Ia 4500
008 210430s9999 xx 000 0 und d
082 _a954.9105 M6711Z
100 _aJabbar Mirza
_954547
245 _aZia Daur Fazal Haq ki Nazar Main
_cJabbar Mirza
300 _a196
942 _cBK
_2ddc
999 _c565167
_d565167